|
|
|
|
| LEADER |
00000nam0a2200000 4500 |
| 001 |
121293 |
| 005 |
20231101215653.0 |
| 010 |
|
|
|a 5247000692
|
| 035 |
|
|
|a (RuTPU)RU\TPU\book\131365
|
| 090 |
|
|
|a 121293
|
| 100 |
|
|
|a 20070912d1988 km y0rusy50 ca
|
| 101 |
0 |
|
|a rus
|
| 102 |
|
|
|a RU
|
| 105 |
|
|
|a a z 001zy
|
| 200 |
1 |
|
|a Геофизические исследования подземных скважин
|f Б. П. Притчин [и др.]
|
| 210 |
|
|
|a Москва
|c Недра
|d 1988
|
| 215 |
|
|
|a 135 с.
|c ил.
|
| 300 |
|
|
|a Авт. указаны на обороте тит. л.
|
| 320 |
|
|
|a Библиогр.: с. 133-134.
|
| 606 |
1 |
|
|a Буровые скважины
|x Геофизические исследования
|2 stltpush
|3 (RuTPU)RU\TPU\subj\30610
|9 53695
|
| 610 |
1 |
|
|a каротаж
|
| 610 |
1 |
|
|a геология
|
| 610 |
1 |
|
|a геофизика
|
| 610 |
1 |
|
|a геофизические исследования
|
| 610 |
1 |
|
|a подземные скважины
|
| 610 |
1 |
|
|a аппаратура
|
| 610 |
1 |
|
|a скважинные приборы
|
| 610 |
1 |
|
|a интерпретация
|
| 675 |
|
|
|a 550.832
|v 3
|
| 701 |
|
1 |
|a Притчин
|b Б. П.
|g Борис Петрович
|
| 701 |
|
1 |
|a Денисенко
|b В. В.
|g Владимир Васильевич
|
| 701 |
|
1 |
|a Жуков
|b Н. А.
|g Николай Антонович
|
| 701 |
|
1 |
|a Мироненко
|b В. А.
|
| 701 |
|
1 |
|a Груцынов
|b М. В.
|
| 801 |
|
1 |
|a RU
|b 63413507
|c 20070912
|g PSBO
|
| 801 |
|
2 |
|a RU
|b 63413507
|c 20141201
|g PSBO
|
| 942 |
|
|
|c BK
|